000 01525nab a22002537a 4500
999 _c5896
_d5896
003 OSt
005 20260109235612.0
008 190605e xxu||||| |||| 00| 0 spa d
040 _cPJ
100 _95145
_aDiplotti, Matías H.
245 1 3 _aEl deber de prevención en materia de riesgos del trabajo y su fundamento para las condenas por responsabilidad civil a las ART ante su incumplimiento /
_cMatías H. Diplotti.
260 _aCiudad Autónoma de Buenos Aires :
_bThomson Reuters La Ley,
_c2023.
300 _ap. 227-236
500 _aCita: TR LALEY AR/DOC/1351/2023.
505 _aSumario: I. Algunos antecedentes en materia de prevención de la Ley de Riesgos de Trabajo (LRT).— II. Marco Normativo Constitucional. Convenios de la Organización Internacional del Trabajo (OIT).— III. El deber de prevención y la jurisprudencia de la CSJN.— IV. Conclusiones.
505 _aFallo comentado: TTrab. N°1, San Miguel ~ 02/03/2023 ~ Gorosito, Alejandro Alberto c. La Segunda Aseguradora de Riesgos del Trabajo SA s/ accidente de trabajo - acción especial.
505 _t¿Te interesa el texto completo? Solicitalo al correo: koha@justierradelfuego.gov.ar
650 0 _91316
_aDERECHO LABORAL
650 0 _95144
_aASEGURADOR POR RIESGOS DEL TRABAJO
650 0 _91417
_aACCIDENTES DE TRABAJO
650 0 _94425
_aACCIDENTE IN ITINERE
773 0 _02711
_93168
_dCiudad Autónoma de Buenos Aires : Thomson Reuters La Ley, 1999-2002.
_tRevista de derecho del trabajo. Nº 4 - Julio 2023
942 _2udc
_cANA